Constitución política de Colombia / (Registro nro. 11843)

Detalles MARC
000 -CABECERA
Longitud fija campo de control 01052nam a2200265 a 4500
003 - • IDENTIFICADOR DELl NÚMERO DE CONTROL
Identificador del número de control CO-ViMGA
005 - • FECHA Y HORA DE LA ÚLTIMA TRANSACCIÓN
Fecha y hora de la última transacción 20230915224414.0
008 - • CÓDIGOS DE INFORMACIÓN DE LONGITUD FIJA
Códigos de información de longitud fija 090227r20042005ck a gr 00010 spa d
020 ## - • NÚMERO INTERNACIONAL NORMALIZADO PARA LIBROS
Número Internacional Normalizado para Libros (ISBN) 958300054X
040 ## - FUENTE DE LA CATALOGACIÓN
Centro catalogador de origen CO-ViMGA
Lengua de catalogación spa
Centro transcriptor CO-ViMGA
043 ## - CÓDIGO DE ÁREA GEOGRÁFICA
Código de área geográfica s-ck---
082 04 - • NÚMERO DE LA CLASIFICACIÓN DECIMAL DEWEY
Número de clasificación (R) R 342.8601
Número del ítem C65c134
Número de edición 19
110 1# - • PUNTO DE ACCESO PRINCIPAL-NOMBRE DE ENTIDAD CORPORATIVA
Nombre de entidad corporativa o nombre de jurisdicción como elemento inicial Colombia.
240 10 - • TÍTULO UNIFORME
Título uniforme <a href="Constitución. ">Constitución. </a>
Fecha de la obra 1991
245 10 - • TITULO PROPIAMENTE DICHO
Título Constitución política de Colombia /
Mención de responsabilidad, etc. prólogo Carlos Lemos Simmonds ; edición Gabriel Silva Rincón.
250 ## - • MENCI&Oacute;N DE EDICI&Oacute;N
Mención de edición 10a. ed.
300 ## - • DESCRIPCI&Oacute;N F&Iacute;SICA
Extensión 369 p. :
Otras características físicas il. ;
Dimensiones 16 cm.
505 0# - • NOTA DE CONTENIDO CON FORMATO
Nota de contenido con formato Declaración universal de los derechos del hombre ; Declaración de los derechos de la mujer ; Declaración de los derechos del niño ; Símbolos patrios ; Himnos, banderas y escudos de los departamentos.
651 #6 - • PUNTO DE ACCESO ADICIONAL DE MATERIA - NOMBRE GEOGR&Aacute;FICO
Nombre geográfico Colombia
Subdivisión cronológica Constitución, 1991.
700 1# - • PUNTO DE ACCESO ADICIONAL - NOMBRE DE PERSONA
Nombre de persona Lemos, Simmonds Carlos,
Fechas asociadas al nombre 1933-2003,
Término indicativo de función pról.
700 1# - • PUNTO DE ACCESO ADICIONAL - NOMBRE DE PERSONA
Nombre de persona Silva Rincón, Gabriel,
Término indicativo de función ed.
942 ## - ENTRADA DE ELEMENTOS AGREGADOS (KOHA)
Fuente de clasificaión o esquema Dewey Decimal Classification
Koha [por defecto] tipo de item LIbro

No hay ítems disponibles.










Instituto Departamental de Cultura del Meta - Red Departamental de Bibliotecas Públicas del Meta.